|
|
|
|
| LEADER |
01263nam a22003132a 4500 |
| 001 |
000401873 |
| 003 |
CZ BrMZK |
| 005 |
20090216100336.0 |
| 007 |
ta |
| 008 |
010907s1982 xr b f cze d |
| 015 |
|
|
|a cnb000006237
|
| 035 |
|
|
|a (OCoLC)39586703
|
| 040 |
|
|
|a BOA001
|b cze
|
| 080 |
9 |
|
|a 391(437.225)
|
| 080 |
9 |
|
|a 084
|
| 100 |
1 |
|
|a Kružík, Jan,
|d 1909-1989
|7 jk01063609
|4 aut
|
| 245 |
1 |
0 |
|a Kroje na Podluží /
|c Jan Kružík
|
| 260 |
|
|
|a Břeclav :
|b Okresní kulturní středisko,
|c [1982?]
|
| 300 |
|
|
|a 77 s., [1] mp. příl. na vol. l.
|
| 504 |
|
|
|a Obsahuje bibliografii
|
| 500 |
|
|
|a Dostupné též v digitální podobě v aplikaci Kramerius
|
| 856 |
4 |
1 |
|u http://www.digitalniknihovna.cz/mzk/uuid/uuid:48cb1d70-3319-11e8-8cf8-005056827e52
|y Digitalizovaný dokument
|x NDK
|
| 910 |
|
|
|a BOA001
|b PK-N-0021.450
|b 4-0844.823
|
| 920 |
|
|
|a 000108580
|
| 964 |
|
|
|a Kroje lidové - Podluží - publikace obrazové
|
| 990 |
|
|
|a BK
|
| 996 |
6 |
|
|b 2619872661
|c 4-0844.823
|l MZK
|r Sklad / do 1 hodiny
|n 8
|w 000401873
|u 000030
|a 1
|e BOA001
|j MZK50
|s P
|
| 996 |
6 |
|
|b 2619999259
|c 4-0844.823
|l MZK
|r Sklad / do 1 hodiny
|n 15
|w 000401873
|u 000020
|a 1
|e BOA001
|j MZK50
|s P
|
| 996 |
7 |
|
|b 3119818484
|c PK-N-0021.450
|l MZK
|r Sklad / do 1 hodiny
|n 38
|w 000401873
|u 000010
|a 1
|e BOA001
|j MZK50
|s A
|